Normal view MARC view
  • Locke, John,

Entry Nombre Personal

Number of records used in: 15

001 - NUMERO DE CONTROL

  • campo de control: 29023

003 - IDENTIFICADOR DE NUMERO DE CONTROL

  • campo de control: UPN

005 - FECHA Y HORA DE LA ÜLTIMA TRANSACCIÓN

  • campo de control: 20230516102730.0

008 - DATOS DE LONGITUD FIJA

  • campo de control de longitud fija: nabaccnnaabn|||||||||| b |nc|||||d

010 ## - NÚMERO DE CONTROL DE LA BIBLIOTECA DEL CONGRESO

  • Número de control LC: n 79090225

016 ## - NÚMERO DE CONTROL DE UNA AGENCIA BIBLIOGRÁFICA NACIONAL

  • Número de control del registro: 0103J2897E

024 7# - OTROS IDENTIFICADORES NORMALIZADOS

  • Fuente: wikidata
  • Enlace: https://www.wikidata.org/wiki/Q9353
  • Número normalizado o código: Q9353

024 7# - OTROS IDENTIFICADORES NORMALIZADOS

  • Fuente: viaf
  • Enlace: https://viaf.org/viaf/34459614/
  • Número normalizado o código: 34459614

035 ## - NUMERO DE CONTROL

  • Número de control: (OCoLC)oca00322588

040 ## - FUENTE DE CATALOGACIÓN

  • Lenguaje de catalogación: spa
  • Agencia de transcripción: DLC
  • Agencia original de catalogación: DLC
  • Agencia que lo modifica: DLC
  • Agencia que lo modifica: DLC-R
  • Agencia que lo modifica: OCoLC
  • Agencia que lo modifica: ICU
  • Agencia que lo modifica: IEN
  • Agencia que lo modifica: PSt
  • Agencia que lo modifica: CaOONL
  • Agencia que lo modifica: PSt
  • Agencia que lo modifica: MX-MxUPN
  • Description conventions: rda

042 ## - CÓDIGO DE AUTENTICACIÓN

  • Código de autenticación: nlc

046 ## - FECHAS CON CODIFICACIÓN ESPECIAL

  • Fuente del formato de fecha: edtf
  • Fecha de nacimiento: 1632-08-29
  • Fecha de muerte: 1704-10-28

100 1# - ENCABEZAMIENTO - NOMBRE PERSONAL

  • Nombre personal: Locke, John,
  • Fechas asociadas con el nombre: 1632-1704

370 ## - LUGAR ASOCIADO

  • Fuente del término: naf
  • Place of birth: Wrington (England)
  • Place of death: High Laver (England)

372 ## - CAMPO DE ACTIVIDAD

  • Fuente del término: lcsh
  • Field of activity: Filosofía
  • Field of activity: Medicina

374 ## - OCUPACIÓN

  • Fuente del término: lcsh
  • Occupation: Filósofo
  • Occupation: Médico

375 ## - GÉNERO

  • Fuente del término: lcdgt
  • Gender: masculino

377 ## - LENGUA ASOCIADA

  • Language code: eng

400 0# - VEÁSE - NOMBRE DE PERSONA

  • Personal name: Philanthropus,
  • Dates associated with a name: 1632-1704

400 1# - VEÁSE - NOMBRE DE PERSONA

  • Personal name: Lokk, Dzhon,
  • Dates associated with a name: 1632-1704

400 1# - VEÁSE - NOMBRE DE PERSONA

  • Personal name: Lūk, Jūn,
  • Dates associated with a name: 1632-1704

400 1# - VEÁSE - NOMBRE DE PERSONA

  • Personal name: Lo-kʻo,
  • Dates associated with a name: 1632-1704

400 1# - VEÁSE - NOMBRE DE PERSONA

  • Personal name: Locke, Giovanni,
  • Dates associated with a name: 1632-1704

400 1# - VEÁSE - NOMBRE DE PERSONA

  • Personal name: Lock,
  • Titles and other words associated with a name: Mr.
  • Dates associated with a name: 1632-1704
  • Fuller form of name: (John),

400 1# - VEÁSE - NOMBRE DE PERSONA

  • Personal name: Lock, John,
  • Dates associated with a name: 1632-1704

400 1# - VEÁSE - NOMBRE DE PERSONA

  • Personal name: Lock,
  • Titles and other words associated with a name: Dr.
  • Dates associated with a name: 1632-1704
  • Fuller form of name: (John),

400 1# - VEÁSE - NOMBRE DE PERSONA

  • Personal name: Rokku, Jon,
  • Dates associated with a name: 1632-1704

670 ## - FUENTE EN LA QUE SE LOCALIZARON DATOS

  • Cita de la fuente: T
  • Información localizada: Salvat universal

670 ## - FUENTE EN LA QUE SE LOCALIZARON DATOS

  • Cita de la fuente: Reicyn, N. La pédagogie de John Locke, 1941

670 ## - FUENTE EN LA QUE SE LOCALIZARON DATOS

  • Cita de la fuente: En su obra: A third letter for toleration, 1692:
  • Información localizada: signed at end (Philanthropus)

670 ## - FUENTE EN LA QUE SE LOCALIZARON DATOS

  • Cita de la fuente: En su obra: Ragionamenti sopra la moneta, l’interesse ... 1751:
  • Información localizada: portada (signor Giovanni Locke)

670 ## - FUENTE EN LA QUE SE LOCALIZARON DATOS

  • Cita de la fuente: InU/Wing STC files
  • Información localizada: (usage: Mr. Lock)

670 ## - FUENTE EN LA QUE SE LOCALIZARON DATOS

  • Cita de la fuente: Culpeper, T. Sir Thomas Colepeper’s tracts concerning usury reprinted [MI] 1708:
  • Información localizada: portada (Dr. Lock)

670 ## - FUENTE EN LA QUE SE LOCALIZARON DATOS

  • Cita de la fuente: Ogose, T. Jon Rokku keizai shisō kenkyū, 1991.

670 ## - FUENTE EN LA QUE SE LOCALIZARON DATOS

  • Cita de la fuente: Wikipedia, viewed August 20, 2014
  • Información localizada: (John Locke; born 29 August 1632, Wrington, Somerset, England; died 28 October 1704, High Laver, Essex, England; English philosopher and physician)

680 ## - NOTA PUBLICA DE ACCESO PÚBLICO

  • Frase explicativa de la referencia: Filósofo empirista inglés

902 ## - CATALOGADOR

  • Catalogador: DAA/030308

902 ## - CATALOGADOR

  • Catalogador: NDAF/160523